Information systems development and data modeling : conceptual and philosophical foundations

Αποθηκεύτηκε σε:
Λεπτομέρειες βιβλιογραφικής εγγραφής
Κύριος συγγραφέας: Hirschheim, R. A. (Rudy A.)
Άλλοι συγγραφείς: Klein, Heinz K., Lyytinen, Kalle 1953-
Μορφή: Βιβλίο
Γλώσσα:English
Δημοσίευση: Cambridge : Cambridge University Press, c1995
Θέματα:
Ετικέτες: Προσθήκη ετικέτας
Δεν υπάρχουν, Καταχωρήστε ετικέτα πρώτοι!

MARC

LEADER 00000nam a2200000 i 4500
001 1/4873
008 000602s1995 eng d
020 |a 0-521-37369-7 
035 |l 10061382 
040 |a GR-MY-UA  |b gre  |e aacr 
041 0 |a eng 
082 0 |a 005.7401 
100 1 |a Hirschheim, R. A. (Rudy A.) 
245 1 0 |a Information systems development and data modeling :  |b conceptual and philosophical foundations /  |c Rudy Hirschheim, Heinz K. Klein, Kalle Lyytinen 
260 |a Cambridge :   |b Cambridge University Press,   |c c1995 
300 |a xiv, 289 p.;  |b ill.;  |c 24 cm. 
504 |a Includes bibliographical references and index 
650 0 0 |a System design. 
650 0 0 |a Data structures (Computer science) 
700 1 |a Klein, Heinz K. 
700 1 |a Lyytinen, Kalle  |d 1953- 
852 |a INST  |b SAMOS  |e 20000602  |h 005.7401 HIR  |p 005300019818  |q 005300019818  |t BK  |y 0 
901 |a BIBL3-2000-2 
909 |a Σ  |b 077775 
922 |a 3ΕΛΗ  |b 200004  |c ΚΠΣ  |d ΠΑΠΑΣΩΤΗΡΙΟΥ 
950 |a 116-1999-12-30 
970 |a ΠΟΥΡΝΑΡΑΣ  |b ΔΗΜΗΤΡΗΣ  |z 2000/06/13